00382nam a2200157Ia 4500003000400000005001700004008004100021040000700062041000800069082002300077100001800100245004000118260004100158300001700199365000800216OSt20230323112107.0210423s2004 xx 000 0 und d cAL aeng a828.809 223bRABP aRABY (Peter). aCambridge companion to Oscar Wilde. aUKbCambridge University Pressc2004 axxii,307bPB cINR